Mammal Taxonomy - Statistics

General Stats
  • This quiz has been taken 13 times
  • The average score is 5 of 6
Answer Stats
Hint Answer % Correct
All mammals Class Mammalia
100%
pig, deer, goat, sheep, cow Order Artiodactyla
80%
Opossum, dog, feline, racoon, otter, skunk Order Carnivora
80%
Rabbit Order Lagomorpha
80%
squirrel, black rat Order Rodentia
80%
Horses, burros Order Perrisodactyla
60%
No matching quizzes found
Score Distribution
Percent of People with Each Score
Percentile by Number Answered
Your Score History
You have not taken this quiz